|
|
|
|
| LEADER |
01412nam a2200337 a 4500 |
| 001 |
c000147881 |
| 003 |
CARM |
| 005 |
00000000000000.0 |
| 008 |
730706s1972 vraabc j b 00000 eng d |
| 019 |
1 |
|
|a 1631689
|z 45082877
|5 LACONCORD2021
|
| 020 |
|
|
|a 0855720484 :
|c $4.25 Aust.
|
| 035 |
|
|
|a (OCoLC)27591546
|5 LACONCORD2021
|
| 040 |
|
|
|d XCC
|d SCAE
|d WCX
|d VBX
|
| 042 |
|
|
|a anuc
|
| 043 |
|
|
|a u-at---
|
| 082 |
1 |
|
|a 338.47/67731/0994
|2 19
|
| 245 |
0 |
0 |
|a John Macarthur and the golden fleece /
|c [compiled by] M. J. Jennings.
|
| 260 |
|
|
|a Melbourne :
|b Hill of Content,
|c 1972.
|
| 300 |
|
|
|a 1 portfolio (33 p. booklet and 13 pieces) :
|b ill., ports., map ;
|c 23 x 33 cm.
|
| 440 |
|
0 |
|a Hill of Content archive series
|
| 500 |
|
|
|a Wool industries, 1790-1828. Macarthur, John, 1767-1834. Australia. Portfolios of teaching aids (ANB/PRECIS SIN 600171949)
|
| 500 |
|
|
|a For secondary school students.
|
| 504 |
|
|
|a Bibliography: p. 33.
|
| 600 |
1 |
0 |
|a Macarthur, John,
|d 1767-1834.
|
| 650 |
|
0 |
|a Wool industry
|z Australia
|x History.
|
| 610 |
1 |
0 |
|a Australia
|x Rural conditions
|y 1788-1900.
|
| 651 |
|
0 |
|a Australia
|x History
|y 1788-1851.
|
| 700 |
1 |
|
|a Jennings, M. J.
|q (Margaret Jean)
|
| 852 |
8 |
|
|b CARM
|h A2:AD15D4
|i E00293
|p 0087301
|f BK
|
| 999 |
f |
f |
|i c610075d-7730-50c8-9f60-1e97fec8c1ca
|s 79a0fdd0-54b7-5e13-a862-1e3ecf72550d
|
| 952 |
f |
f |
|p Can circulate
|a CAVAL
|b CAVAL
|c CAVAL
|d CARM 1 Store
|e E00293
|f A2:AD15D4
|h Other scheme
|i book
|m 0087301
|